The thin blue line : (Record no. 60113)
[ view plain ]
| 000 -LEADER | |
|---|---|
| campo de control de longitud fija | 01639cam a22003498a 4500 |
| 001 - NÚMERO DE CONTROL | |
| campo de control | 93675 |
| 005 - FECHA Y HORA DE LA ÚLTIMA TRANSACCIÓN | |
| campo de control | 20230410121215.0 |
| 008 - DATOS DE LONGITUD FIJA--INFORMACIÓN GENERAL | |
| campo de control de longitud fija | 100303r20102008enk 000 0 eng |
| 035 ## - NÚMERO DE CONTROL DEL SISTEMA | |
| Número de control de sistema | (OCoLC)ocn501976670 |
| 040 ## - FUENTE DE CATALOGACIÓN | |
| Centro catalogador/agencia de origen | UKM |
| Centro/agencia transcriptor | UKM |
| Centro/agencia modificador | YDXCP |
| -- | ILC |
| 015 ## - NÚMERO DE BIBLIOGRAFÍA NACIONAL | |
| Número de bibliografía nacional | GBB037674 |
| Fuente | bnb |
| 016 7# - NÚMERO DE CONTROL DE UNA AGENCIA BIBLIOGRÁFICA NACIONAL | |
| Número de control del registro | 015505981 |
| Fuente | Uk |
| 020 ## - NÚMERO INTERNACIONAL ESTÁNDAR DEL LIBRO | |
| Número Internacional Estándar del Libro | 9781844676286 (pbk.) : |
| Condiciones de disponibilidad | $19.95 |
| 020 ## - NÚMERO INTERNACIONAL ESTÁNDAR DEL LIBRO | |
| Número Internacional Estándar del Libro | 1844676285 (pbk.) |
| 035 ## - NÚMERO DE CONTROL DEL SISTEMA | |
| Número de control de sistema | (OCoLC)501976670 |
| 050 14 - SIGNATURA TOPOGRÁFICA DE LA BIBLIOTECA DEL CONGRESO | |
| Número de clasificación | JZ 6385 |
| Número de ítem | F663t 2010 |
| 082 04 - NÚMERO DE LA CLASIFICACIÓN DECIMAL DEWEY | |
| Número de clasificación | 341.584 |
| 100 1# - ENTRADA PRINCIPAL--NOMBRE DE PERSONA | |
| Nombre de persona | Foley, Conor. |
| 245 14 - MENCIÓN DEL TÍTULO | |
| Título | The thin blue line : |
| Resto del título | how humanitarianism went to war / |
| Mención de responsabilidad, etc. | Conor Foley. |
| 260 ## - PUBLICACIÓN, DISTRIBUCIÓN, ETC. | |
| Lugar de publicación, distribución, etc. | London : |
| Nombre del editor, distribuidor, etc. | Verso, |
| Fecha de publicación, distribución, etc. | 2010. |
| 300 ## - DESCRIPCIÓN FÍSICA | |
| Extensión | 274 p. ; |
| Dimensiones | 20 cm. |
| 500 ## - NOTA GENERAL | |
| Nota general | Originally published: 2008. |
| 504 ## - NOTA DE BIBLIOGRAFÍA, ETC. | |
| Nota de bibliografía, etc. | Includes bibliographical references (p. [241]-260) and index. |
| 520 ## - RESUMEN, ETC. | |
| Sumario, etc. | Foley explores how the doctrine of humanitarian intervention has been used to allow states to invade other nations in the name of human rights. Drawing on his own experience of working in over a dozen conflict and post-conflict zones, he shows how the growing influence of international law has been used to override the sovereignty of the poorest countries in the world. |
| 505 0# - NOTA DE CONTENIDO CON FORMATO | |
| Nota de contenido con formato | Human rights and humanitarianism -- Humanitarian interventions -- Kosovo -- Afghanistan -- Sri Lanka and Indonesia -- A responsibility to protect -- Justice and peace -- Humanitarian accountability -- Conclusion. The new imperialists? |
| 650 #0 - PUNTO DE ACCESO ADICIONAL DE MATERIA--TÉRMINO DE MATERIA | |
| Término de materia o nombre geográfico como elemento de entrada | Humanitarian intervention. |
| 650 #0 - PUNTO DE ACCESO ADICIONAL DE MATERIA--TÉRMINO DE MATERIA | |
| Término de materia o nombre geográfico como elemento de entrada | Humanitarian assistance |
| Subdivisión general | Corrupt practices. |
| 938 ## - | |
| -- | YBP Library Services |
| -- | YANK |
| -- | 3154673 |
| 942 ## - ELEMENTOS DE ENTRADA SECUNDARIOS (KOHA) | |
| Fuente del sistema de clasificación o colocación | Clasificación de Library of Congress |
| Tipo de ítem Koha | |
| 946 ## - PROCESAMIENTO DE INFORMACIÓN LOCAL (OCLC) | |
| a | sadt |
| 994 ## - | |
| -- | C0 |
| -- | DRFGD |
| Estatus retirado | Estado de pérdida | Fuente del sistema de clasificación o colocación | Estado de daño | No para préstamo | Colección | Biblioteca de origen | Biblioteca actual | Ubicación en estantería | Fecha de adquisición | Serial enumeration / chronology | Signatura topográfica completa | Código de barras | Visto por última vez | Copia número | Tipo de ítem Koha |
|---|---|---|---|---|---|---|---|---|---|---|---|---|---|---|---|
| Clasificación de Library of Congress | Ciencias Sociales | Biblioteca Juan Bosch | Biblioteca Juan Bosch | Ciencias Sociales (3er. Piso) | 10/04/2023 | 1 | JZ 6385 F663t 2010 | 00000081217 | 24/10/2018 | 1 |
